Tilastot visalle Liettua-visa

Klikkaa tästä pelataksesi tätä visaa!

Yleistilastot

  • Tätä visaa on pelattu 249 kertaa
  • Keskiarvotulos 11 / 20

Vastaustilastot

VihjeVastaus% Oikein
NaapurimaatLatvia
99%
NaapurimaatValko-Venäjä
98%
NaapurimaatVenäjä
98%
PääkaupunkiVilna
98%
NaapurimaatPuola
97%
Meri, jonka rannalla Liettua sijaitseeItämeri
95%
Valtio, josta Liettua julistautui itsenäiseksi 1990Neuvostoliitto
95%
Suosituin urheilulajiKoripallo
62%
Liettuassa kulutetaan Moldovan jälkeen toiseksi eniten _____a asukasta kohdenAlkoholi
53%
Itsenäistymistä edeltänyt vuosia kestänyt vallankumous{Laulava} vallankumous
50%
Toiseksi suurin kaupunkiKaunas
46%
Vuosien 1700–1721 sota, jossa Liettua menetti yli 40 % väestöstäänSuuri {Pohjan} {sota}
43%
Kieliryhmä, johon liettuan kieli kuuluuBalttilaiset kielet
32%
Kolmanneksi suurin kaupunkiKlaipėda
28%
Kapea niemimaa, jonka pohjoisosat kuuluvat LiettualleKuurinkynnäs
23%
Liettuan kansallislintuKattohaikara
20%
Pisin Liettuan halki virtaava jokiNiemen
19%
Liettuan suuriruhtinas 1377-1392 ja naapurimaan #2 kuningas vuosina 1386-1434Jagello
18%
Kaupunki, jonka lähistöllä sijaitsee ristikukkula, jossa on yli 100 000 ristiäŠiauliai
18%
Liettuan 1230-luvulla yhdistänyt maan ensimmäinen suurruhtinasMindaugas
16%

Tulosjakauma

Persentiili vastausten määrän mukaan

Jokaisen tuloksen saaneiden osuus

Tuloshistoriasi

Et ole pelannut tätä visaa